Sports Quiz

Random Sports or NBA Quiz

Who Drafted The All-Time Scoring Leaders? Quiz Stats

 Plays Quiz not verified by Sporcle

Score 0/25 Timer 10:00
0 Plays Today
Place (Points) Team % Correct
1. - 38,387Milwaukee Bucks
94.8%
3. - 32,482*Charlotte Hornets
94.8%
2. - 36,928Utah Jazz
93.1%
4. - 32,292Chicago Bulls
93.1%
6. - 28,596Orlando Magic
87.9%
5. - 31,419Philadelphia Warriors
86.2%
19. - 25,192Minneapolis Lakers
84.5%
14. - 25,911*Minnesota Timberwolves
81%
17. - 25,598*San Antonio Spurs
81%
25. - 23, 456*Toronto Raptors
81%
16. - 25,613Milwaukee Bucks
79.3%
9. - 27,313San Diego Rockets
75.9%
10. - 26,946Houston Rockets
75.9%
Place (Points) Team % Correct
15. - 25,670*Boston Celtics
75.9%
18. - 25,279Indiana Pacers
74.1%
12. - 26,668Utah Jazz
69%
24. - 23,757Philadelphia 76ers
69%
23. - 24,337*Cleveland Cavaliers
67.2%
7. - 27,718*Milwaukee Bucks
62.1%
21. - 24,505Milwaukee Bucks
62.1%
22. - 24,368Philadelphia 76ers
51.7%
11. - 26,710Cincinnati Royals
50%
13. - 26,395Boston Celtics
48.3%
20. - 24,815New York Knicks
39.7%
8. - 27,409Portland Trailblazers
37.9%

You're not logged in!

Compare scores with friends on all Sporcle quizzes.
OR
Log In

Show Comments

Extras

Top Quizzes Today


Score Distribution

Your Account Isn't Verified!

In order to create a playlist on Sporcle, you need to verify the email address you used during registration. Go to your Sporcle Settings to finish the process.

Report this User

Report this user for behavior that violates our Community Guidelines.

Details: